[Event "Biel Accentus"]
[Site "Biel"]
[Date "2011.07.22"]
[Round "4"]
[White "Carlsen, Magnus"]
[Black "Caruana, Fabiano"]
[Result "1-0"]
[WhiteElo "2821"]
[BlackElo "2711"]
[Annotator "Ftacnik,Lubomir"]
[PlyCount "53"]
[EventDate "2011.07.18"]
[EventType "tourn"]
[EventRounds "10"]
[EventCountry "SUI"]
[EventCategory "19"]
[SourceTitle "CBM 144"]
[Source "ChessBase"]
[SourceDate "2011.09.16"]
[SourceVersion "1"]
[SourceVersionDate "2011.09.16"]
[SourceQuality "1"]

1. e4 {Marin,Mihail} e5 2. Nf3 Nc6 3. d4 exd4 4. Nxd4 Bc5 5. Nxc6 bxc6 ({RR} 5... Qf6) 6. Bd3 Qh4 7. Qe2 ({RR} 7. O-O Nf6 8. Qd2 ({RR} 8. h3 d6 9. Qf3) 8... O-O 9. Qf4 Qxf4 10. Bxf4 d6 11. Nd2 Nh5 12. Bg5 h6 13. Bh4 Nf4 14. Nb3 Nxd3 15. cxd3 Bb6) ({RR} 7. Qf3 Nf6 8. Bf4 ({RR} 8. Nc3 Ng4 9. g3 Ne5 10. Qxf7+ Kxf7 11. gxh4 d5 12. Be2) 8... d5 ({RR} 8... O-O 9. Bg3 Qg5 10. Bf4 Qh4 11. Bg3 Qg5 12. Bf4 Qh4) 9. Nd2 O-O 10. O-O Bb6 11. h3 Be6) 7... Ne7 $146 {Black has developed the queen to an active square and made castling for White more complicated. The knight move to e7 is a novelty, Black players have usually fared well after the natural move 7...f6.} (7... Nf6 8. h3 (8. Be3 Bxe3 9. Qxe3 O-O 10. Nd2 Re8 11. O-O d6 12. Rae1 a5 13. Qg3 Qxg3 14. hxg3 a4 15. f3 Be6 16. b3 Nd7 17. Re3 axb3 18. axb3 Ne5 19. Be2 Ra2 20. Rc3 c5 21. b4 cxb4 {½-½ Carlsen,M (2714)-Kamsky,G (2714)/Khanty Mansiysk 2007/}) ({RR} 8. h3 O-O 9. g3 Qh5 10. g4 ({RR} 10. Qxh5 Nxh5 11. Nc3 d5 12. exd5 Re8+ 13. Kf1 cxd5 14. Nxd5 Bb7 15. c4 Nf6 16. Nxf6+ gxf6 17. Rh2 Rad8) 10... Qh4 ({RR} 10... Qe5 11. g5 Ne8 12. f4 Qe6) 11. Nd2 Ne8 12. Nb3 Be7 13. Nd4 Bc5 14. Nf5) 8... d5 (8... O-O 9. g3 Qh5 10. g4 Qh4 11. Nd2 Ne8 12. Nb3 (12. Nf3 Qe7 13. Bd2 Rb8 14. b3 d6 15. Bc3 Bb4 16. Bxb4 Rxb4 17. e5 c5 18. exd6 Qf6 19. d7 Bxd7 20. Ne5 $14 {1-0 Kovchan,A (2554)-Annaberdiev,M (2459)/Konya 2011/ (61)}) 12... Be7 13. Nd4 Bc5 14. Nf5 Qd8 15. Bd2 Nd6 16. O-O-O Nxf5 17. gxf5 Qh4 18. Rh2 Bd4 19. Rg1 Be5 20. Rhg2 $16 {1-0 Motylev,A (2641)-Liang Chong (2531)/Moscow 2001/ (53)}) 9. g3 (9. exd5+ Kd8 10. O-O Bxh3 11. dxc6 Re8 12. Qd2 Bxg2 13. Kxg2 Qg4+ $11) 9... Qh5 10. Qxh5 Nxh5 11. Nc3 (11. e5 Bd4 12. g4 Nf4 13. Bxf4 Bxb2 14. Kd2 Bxa1 15. Nc3 Bxc3+ 16. Kxc3 c5 $17 {0-1 Nataf,I (2534)-Fressinet,L (2673)/Pau 2008/ (32)}) 11... Nf6 12. Bf4 Bb4 13. exd5 Nxd5 14. Bd2 Nxc3 15. Bxc3 Bxc3+ 16. bxc3 Be6 17. f4 O-O 18. Kf2 Rab8 19. f5 Bd7 $14 {0-1 Ivanchuk,V (2739)-Malakhov,V (2706)/Warsaw 2009/ (68)}) ({RR} 7... Nf6 8. h3 d5 9. g3 Qh5 10. Qxh5 Nxh5 11. Nc3 Nf6 12. Bf4 Bb4 13. exd5 Nxd5 14. Bd2 Nxc3 15. Bxc3 Bxc3+ 16. bxc3 Be6 17. f4 O-O 18. Kf2 Rab8 19. f5 Bd7 20. Rhe1 Rfd8 21. Re5 Kf8 22. Ra5 {Ivanchuk,V (2739)-Malakhov,V (2706) Warsaw 2009 0-1 (68)}) ({RR} 7... Nf6 8. Be3 Bxe3 9. Qxe3 d6 10. Nd2 Ng4 11. Qe2 O-O 12. Nf3 Qf6 13. O-O Qxb2 14. h3 Ne5 15. Rfb1 Nxf3+ 16. Qxf3 Qe5 17. Re1 Be6 18. Qe2 Rab8 19. f4 Qxf4 20. Rf1 Qe5 21. Kh1 g6 22. Qf2 {Abdul Moula,S (2164)-Ivanisevic,I (2540) chess.com INT 2025 0-1}) ({RR} 7... Nf6 8. Be3 Bxe3 9. Qxe3 O-O 10. Nd2 Re8 ({RR} 10... d6 11. Nf3 ({RR} 11. h3 Ng4 12. Nf3 Qh5 13. Qd4 c5 14. Qc3 Re8 15. O-O Ne5 16. Nxe5 Qxe5 17. Qxe5 Rxe5) 11... Qh5 12. O-O Re8 13. Rfe1 Bg4 14. Nd2 Bd7 15. Qg3 Rab8 16. b3 c5 17. Nc4) 11. O-O ({RR} 11. Nf3 Qh5 12. O-O d5) 11... d6 12. Rae1 ({RR} 12. Rfe1 Ng4 ({RR} 12... a5 13. Nf3 Qh5 14. h3) 13. Qg3 Qxg3 14. hxg3 Rb8 15. b3 Ne5 16. Be2 c5 17. f4 Nc6 18. c3 h6 19. Bf3 Bb7 20. Nc4) 12... a5 13. Qg3 ({RR} 13. Nf3 Qh5) 13... Qxg3 14. hxg3 a4 15. f3 Be6 16. b3 Nd7 17. Re3 axb3 18. axb3 Ne5 19. Be2 Ra2 20. Rc3 c5 21. b4 cxb4 {½-½ (21) Carlsen,M (2714)-Kamsky,G (2714) Khanty-Mansiysk 2007 CBM 122 [Marin,Mihail]} {RR} 22. Rxc7 Rc8 23. Rxc8+ Bxc8 24. Rc1 Be6) 8. Nc3 $146 ({RR} 8. Be3 Bxe3 9. Qxe3 O-O 10. Nd2 d6 11. O-O Qf6 12. e5 dxe5 13. Ne4 Qg6 14. Ng3 Qd6 15. Rfe1 f6 16. f4 exf4 17. Qxe7 fxg3 18. Bc4+ Kh8 19. Rad1 gxh2+ 20. Kh1 Qxe7 21. Rxe7 Bg4 22. Rd4 Bf5 {Kumar,G (2128)-Snehal,B (2135) Kalyan 2019 1-0 (41)}) ({RR} 8. Be3 Bb6 9. Nd2 Ng6 10. g3 Qe7 11. f4 d6 12. O-O-O Nf8 13. Nb3 Ne6 14. Rhf1 f6 15. Bc4 Bd7 16. Qh5+ g6 17. Qe2 O-O-O 18. a4 Kb8 19. a5 Bxe3+ 20. Qxe3 Ka8 21. Rfe1 Rhe8 22. Qc3 Rb8 {Tari,A (2629)-Oro,F (2433) New York USA 2024 1-0 (55)}) 8... O-O 9. Be3 Bb6 10. O-O {Carlsen is a courageous player, but he decided to abstain from castling long due to the semi-open b-file. He correctly guessed, that the attack against the black king was unlikely to succeed.} (10. O-O-O d5 $132) 10... d5 11. exd5 Nxd5 (11... cxd5 12. g3 Qf6 13. Qh5 $14) 12. Bd2 Bd4 {In the new era of chess and computers the top players have to live with the fact, that achieving an advantage from the opening is a rare feat. The remaining ambition is a bit more modest - to build up a position, that can be full of life.} (12... Bg4 13. Qe4 Rae8 14. Qc4 Qh5 $14) (12... Nb4 $5 13. Qe4 (13. Be4 $2 Ba6 $17) 13... Qxe4 14. Bxe4 Rd8 15. Bf4 Nd5 16. Rad1 Be6 $11) 13. Rae1 Nb4 $1 (13... Nxc3 14. bxc3 Bb6 15. Qe8 $1 Rb8 16. Qxc6 Bb7 17. Qc4 $14) 14. Qe4 (14. Ne4 $2 Bg4 15. g3 Qh5 $19) 14... Qxe4 15. Bxe4 Ba6 16. Ne2 {The passive retreat of the knight is certainly far from what White is dreaming about, but Black has problems with the coordination of his pieces as well.} Bc5 17. a3 (17. Bxb4 Bxb4 18. c3 Be7 19. Bxc6 Rad8 20. b4 Bc4 $11) 17... Nd5 (17... Rae8 18. Nf4 (18. axb4 Rxe4 19. bxc5 Bxe2 20. f3 Re6 21. Rf2 Rfe8 (21... Bc4 22. Ra1 $16) 22. Bf4 $14) 18... Nd5 19. Bd3 Bxd3 20. Nxd3 $14) 18. b4 Bd6 {Caruana is playing sensible moves and does not try to solve the position with the help of tactics.} (18... Rfe8 19. Bf3 (19. Bd3 Bxd3 20. cxd3 Bd6 $11) 19... Bd6 20. Nd4 Bxf1 21. Rxf1 $14) 19. Nd4 $5 {[%mdl 1024] Sporting the best rating in the world does not come cheap, Carlsen has to try for a win even against the very good opponents. Breaking the balance with the help of an exchange sacrifice fuels the tension in the position.} (19. g3 Be5 20. Kg2 f5 21. Bd3 Bxd3 22. cxd3 Rfe8 $11) 19... Bxf1 20. Kxf1 Nb6 (20... Rae8 21. Nxc6 Nf6 22. Bf3 Rxe1+ 23. Bxe1 a6 $11) 21. Nxc6 Rfe8 22. a4 {The danger for Black does not seem to be great, but White's active approach is calling for exact solutions.} (22. h3 g6 $11) 22... Kf8 (22... Nxa4 $6 23. Ne7+ Rxe7 24. Bxa8 Rxe1+ 25. Kxe1 $16) 23. a5 Nc4 24. Bc1 (24. Bc3 Bf4 25. Re2 Bd2 $1 26. Bd4 Bxb4 27. Bxh7 (27. Nxb4 Rxe4 $17) 27... Rxe2 28. Kxe2 Bxa5 $15) 24... a6 {The defender is choosing a passive move, that does not spoil anything. He could have found the courage for the speedier clarification of the position with the help of the active move 24...f5!} (24... f5 $1 25. Bxf5 Rxe1+ 26. Kxe1 Re8+ 27. Kf1 Ne5 28. Be4 Nxc6 29. Bxc6 Rd8 (29... Bxb4 $2 30. Bxe8 Kxe8 31. a6 $16) 30. Bd2 Be7 31. Bc3 Rd1+ 32. Ke2 Rb1 $11) 25. f4 $6 (25. g3 f5 26. Bxf5 (26. Bd5 Rxe1+ 27. Kxe1 Re8+ 28. Kf1 Ne5 29. c3 Nxc6 30. Bxc6 $11) 26... Rxe1+ 27. Kxe1 Re8+ 28. Kf1 Ne5 29. Be4 Nxc6 30. Bxc6 Bxb4 31. Bxe8 Kxe8 $11) 25... Re6 $2 {A small comedy of errors on the highest level. The shocking and well disguised move of the black knight to e3 would have clearly shown the gap in White's concept.} (25... Ne3+ $1 26. Rxe3 (26. Bxe3 $2 Rxe4 $19) 26... Bxf4 27. Rf3 Bxc1 28. Bd5 f6 29. Nd4 Rab8 $15) 26. Bd5 $1 Rf6 (26... Rxe1+ 27. Kxe1 Bxb4+ 28. Nxb4 Re8+ 29. Kf2 Nxa5 30. Nxa6 $18) 27. Re4 {A truly tragic finish of the game for Caruana. One serious mistake and the battle was immediately over.} 1-0

[Event "Biel Accentus"]
[Site "Biel"]
[Date "2011.07.23"]
[Round "5"]
[White "Vachier Lagrave, Maxime"]
[Black "Carlsen, Magnus"]
[Result "1-0"]
[WhiteElo "2722"]
[BlackElo "2821"]
[PlyCount "191"]
[EventDate "2011.07.18"]
[EventType "tourn"]
[EventRounds "10"]
[EventCountry "SUI"]
[EventCategory "19"]
[SourceTitle "CBM 144"]
[Source "ChessBase"]
[SourceDate "2011.09.16"]
[SourceVersion "1"]
[SourceVersionDate "2011.09.16"]
[SourceQuality "1"]

1. e4 {ChessBase} c5 2. Nf3 Nc6 3. Nc3 e5 4. Bc4 Be7 5. d3 d6 6. Nd2 Bg5 7. Nf1 Bxc1 8. Rxc1 Nge7 9. Ne3 O-O 10. O-O Ng6 ({RR} 10... Be6 11. Ned5 Qd7 12. Qd2 Kh8 13. Rce1 f5 14. Nxe7 Qxe7 15. Bxe6 Qxe6 16. f4 Rae8 17. fxe5 Nxe5 18. exf5 Rxf5 19. Rxf5 Qxf5 20. Rf1 Qg6 21. Qf4 h6 22. Qe4 Kh7 23. Qxg6+ Kxg6 24. Nd5 {½-½ (24) Smolinski,W (1931)-Gubin,D (2147) Eforie Nord ROU 2025}) 11. Ncd5 Be6 ({RR} 11... Nce7 12. c3 Be6 13. Nxe7+ Qxe7 14. g3 Rab8 15. a4 Qd7 16. Qb3 Ne7 17. f4 exf4 18. gxf4 Bxc4 19. Qxc4 Kh8 20. f5 f6 21. Qe6 Qc7 22. Rc2 Rbe8 23. Rg2 Nc6 24. Qd5 Rd8 25. Rf3 Qd7 26. Rfg3 {Ivanchuk,V (2787)-Leko,P (2755) Mukachevo 2007 CBM 121 [ChessBase] ½-½ (49)}) 12. c3 Na5 $146 ({RR} 12... a6 13. a3 b5 14. Bb3 Nce7 15. Nxe7+ Qxe7 16. Bd5 Rab8 17. g3 Kh8 18. Qh5 f6 19. f4 Bxd5 20. Nxd5 Qf7 21. f5 Ne7 22. Qxf7 Rxf7 23. Nxe7 Rxe7 24. Kf2 Kg8 25. Ke3 Kf7 26. g4 Rd7 27. h4 {Kalashian,D (2398)-Samadov,R (2360) Chess.com INT 2021 0-1 (44)}) ({RR} 12... Nce7 13. a3 Nf4 14. Nxe7+ Qxe7 15. g3 Qg5 16. h4 Qg6 17. Kh2 Nh5 18. Qf3 Kh8 19. Nf5 Rad8 20. b4 Nf6 21. Rb1 Qg4 22. Qxg4 Nxg4+ 23. Kg2 d5 24. Bxd5 Rxd5 25. exd5 Bxf5 26. bxc5 Bxd3 27. Rxb7 {Kalashian,D (2398)-Leiva Rodriguez,J (2391) Chess.com INT 2021 0-1 (54)}) 13. Nf5 Kh8 14. g3 Qd7 15. Nde3 Ne7 16. Nxe7 Nxc4 17. dxc4 Qxe7 18. Qd3 Rad8 19. Rcd1 b6 20. Rd2 Rd7 21. b3 Re8 22. Kg2 Qg5 23. Rfd1 Kg8 24. Qe2 Red8 25. Qf3 Qe7 26. h4 Qf8 27. h5 Qe7 28. h6 g6 29. Nd5 Bxd5 30. Rxd5 Qg5 31. Rh1 Kf8 32. Qd3 Qf6 33. Qe3 Qe6 34. Rf1 f6 35. b4 Ke8 36. Rfd1 Kf7 37. a4 Ke7 38. a5 Rc8 39. b5 Qg4 40. axb6 axb6 41. Ra1 Rb8 42. f3 Qe6 43. Qd2 Kf7 44. Rd1 Ke7 45. Ra1 Kf7 46. Ra6 Qe7 47. Qe3 Qe6 48. Qc1 g5 49. Qh1 Kg6 50. g4 Kf7 51. Kf2 Ke7 52. Qf1 Kf7 53. Ke3 Kg6 54. Qh1 Kf7 55. Kd3 Ke7 56. Kc2 Qg8 57. Qa1 Qf8 58. Rd1 Rdb7 59. Rh1 Kf7 60. Kb3 Qe7 61. Qa2 Qd7 62. Ra1 Qe7 63. Qd2 Kg6 64. Qh2 Kf7 65. R1a2 Qd7 66. Qh5+ Kf8 67. Qh1 Kf7 68. Qd1 Kg6 69. Rd2 Rd8 70. Qh1 Kf7 71. Rda2 Rdb8 72. Ra1 Qe7 73. R6a2 Rd7 74. Qd1 Kg6 75. Qh1 Kf7 76. Qb1 Rdb7 77. Qd3 Kg6 78. f4 gxf4 79. Qh3 Kf7 80. Ra8 Qe6 81. Qh5+ Kf8 82. Qf5 Qxf5 83. gxf5 Rxa8 84. Rxa8+ Kf7 85. Kc2 Re7 86. Kd3 Re8 87. Ra7+ Kg8 88. Rg7+ Kf8 89. Rxh7 Kg8 90. Ra7 Kh8 91. h7 Rb8 92. Ke2 Rd8 93. Kf3 Rc8 94. Kg4 Rd8 95. Kh5 f3 96. Kg6 1-0

[Event "Biel Accentus"]
[Site "Biel"]
[Date "2011.07.25"]
[Round "6"]
[White "Carlsen, Magnus"]
[Black "Pelletier, Yannick"]
[Result "1-0"]
[WhiteElo "2821"]
[BlackElo "2590"]
[PlyCount "83"]
[EventDate "2011.07.18"]
[EventType "tourn"]
[EventRounds "10"]
[EventCountry "SUI"]
[EventCategory "19"]
[SourceTitle "CBM 144"]
[Source "ChessBase"]
[SourceDate "2011.09.16"]
[SourceVersion "1"]
[SourceVersionDate "2011.09.16"]
[SourceQuality "1"]

1. e4 e6 2. d4 d5 3. Nc3 dxe4 4. Nxe4 Nd7 5. g3 Be7 6. Bg2 Ngf6 7. Nc3 ({RR} 7. Ne2 O-O 8. O-O Nxe4 9. Bxe4 e5 10. Qd3 h6 11. dxe5 Nxe5 12. Qxd8 Rxd8 13. Bf4 Bf6 14. f3 c6 15. Rad1 Be6 16. b3 a5 17. a4 Nd7 18. Bc7 Re8 19. Nf4 Nc5 20. Nxe6 Nxe6 21. Bb6 Be7 {Aronian,L (2764)-So,W (2778) Leuven 2018 ½-½ (39)}) ({RR} 7. Nxf6+ Bxf6 8. Ne2 O-O 9. O-O c5 10. c3 Qc7 11. Be3 Rd8 12. Qa4 Be7 13. Rfd1 b5 14. Qxb5 Rb8 15. Qc6 Qxc6 16. Bxc6 Rxb2 17. Nf4 Rb6 18. Bg2 cxd4 19. Bxd4 Ra6 20. a4 Kf8 21. Nd3 Bf6 {Grigoryan,K (2549)-Mantovani,R (2220) Bad Woerishofen GER 2025 1-0}) ({RR} 7. Nxf6+ Bxf6 8. Ne2 O-O 9. O-O e5 10. d5 Be7 11. f4 Re8 12. f5 e4 13. Be3 Nf6 14. c4 c6 15. dxc6 Qc7 16. Nc3 Qxc6 17. Qe2 Bc5 18. Rad1 Qb6 19. Rde1 Re5 20. Bh3 h5 21. Kh1 {½-½ (21) Rozentalis,E (2611)-Pelletier,Y (2599) Haguenau 2013}) 7... O-O 8. Nf3 Nd5 $146 ({RR} 8... c5 9. O-O Qb6 10. a4 Rd8 11. a5 Qa6 12. Be3 Ng4 13. Qc1 Nxe3 14. Qxe3 b5 15. Nd5 Bd6 16. dxc5 Bxc5 17. Qg5 {1-0 (17) Narciso Dublan,M (2495)-Maroto Borras,J (2320) Spain 1998}) ({RR} 8... Rb8 9. O-O b5 10. Ne5 Nxe5 11. dxe5 Nd7 12. Be3 b4 13. Ne2 c5 14. f4 Ba6 15. a3 Nb6 16. Qxd8 Rfxd8 17. Kf2 b3 18. cxb3 {½-½ (18) Bartel,M (2618)-Grachev,B (2652) Khanty-Mansiysk 2009}) 9. Qd3 Nb4 10. Qd2 c5 11. O-O cxd4 12. Nxd4 Nb6 13. a3 e5 14. axb4 exd4 15. Nb5 Bf6 16. Rd1 Bg4 17. f3 Bf5 18. g4 a6 19. Nxd4 Bxd4+ 20. Qxd4 Bxc2 21. Qxd8 Raxd8 22. Rxd8 Rxd8 23. f4 Rd7 24. b5 Rd1+ 25. Kf2 axb5 26. Bxb7 f5 27. Bf3 Rd8 28. Ra5 fxg4 29. Bxg4 Bd3 30. Be6+ Kh8 31. b3 h6 32. Bb2 Nd5 33. Ra7 Nf6 34. Rf7 Rd6 35. f5 Bc2 36. Rf8+ Kh7 37. Bxf6 gxf6 38. Rxf6 Rd2+ 39. Ke3 Rd3+ 40. Ke2 h5 41. Rf7+ Kh6 42. Rc7 1-0

[Event "Biel Accentus"]
[Site "Biel"]
[Date "2011.07.29"]
[Round "10"]
[White "Caruana, Fabiano"]
[Black "Carlsen, Magnus"]
[Result "1/2-1/2"]
[WhiteElo "2711"]
[BlackElo "2821"]
[PlyCount "78"]
[EventDate "2011.07.18"]
[EventType "tourn"]
[EventRounds "10"]
[EventCountry "SUI"]
[EventCategory "19"]
[SourceTitle "CBM 144"]
[Source "ChessBase"]
[SourceDate "2011.09.16"]
[SourceVersion "1"]
[SourceVersionDate "2011.09.16"]
[SourceQuality "1"]

1. e4 d6 2. d4 Nf6 3. Nc3 e5 4. Nf3 Nbd7 5. Bc4 Be7 6. O-O O-O 7. a4 a6 8. a5 h6 9. Re1 exd4 10. Nxd4 Ne5 11. Bf1 c5 12. Nb3 Be6 13. Bf4 $146 ({RR} 13. f4 Nc6 14. Nd5 Re8 15. h3 Bf8 16. c4 Bxd5 17. cxd5 Nb4 18. Nd2 Qe7 19. Re2 Nh5 20. Nc4 Ng3 21. Re1 Nxe4 22. Nb6 Rad8 23. Bd2 Qh4 24. Re2 Nxd2 25. Qxd2 Rxe2 26. Bxe2 Be7 27. Bf3 Bf6 {Hoang,T (2439)-Skripchenko,A (2403) Riadh 2017 0-1 (75)}) ({RR} 13. f4 Nc6 14. Nd5 Re8 15. c4 Bf8 16. Bd2 Bxd5 17. cxd5 Nd4 18. Bd3 b5 19. Nxd4 cxd4 20. b4 g6 21. Bc1 Ra7 22. Bd2 Bg7 23. Qf3 Rae7 24. Rac1 Qd7 25. h3 h5 26. Re2 Rc8 27. Rce1 Rce8 {Golubov,S (2251)-Zeynalli,M (2166) Moscow 2013 ½-½ (52)}) 13... Rc8 14. h3 Re8 15. Bxe5 dxe5 16. Nd2 c4 17. Ra4 Bc5 18. Nxc4 Bd4 19. Qf3 Rc5 20. Nd1 Qc7 21. Nde3 Bxe3 22. Nxe3 Rxa5 23. Rb4 Rd8 24. Rd1 Rxd1 25. Qxd1 Rc5 26. Ra4 Rc6 27. Bd3 Rd6 28. Qe1 b5 29. Ra3 g6 30. b4 Rc6 31. Qa1 Qd6 32. Kh2 h5 33. Rc3 Rxc3 34. Qxc3 h4 35. Nf1 Nh5 36. Nd2 g5 37. Nf3 f6 38. g3 hxg3+ 39. fxg3 Ng7 1/2-1/2

[Event "Grand Slam Final 4th"]
[Site "Sao Paulo/Bilbao"]
[Date "2011.09.26"]
[Round "1"]
[White "Anand, Viswanathan"]
[Black "Carlsen, Magnus"]
[Result "1/2-1/2"]
[WhiteElo "2817"]
[BlackElo "2823"]
[PlyCount "56"]
[EventDate "2011.09.26"]
[EventType "tourn"]
[EventRounds "10"]
[EventCountry "BRA"]
[EventCategory "22"]
[SourceTitle "CBM 145"]
[Source "ChessBase"]
[SourceDate "2011.11.11"]
[SourceVersion "1"]
[SourceVersionDate "2011.11.11"]
[SourceQuality "1"]

1. e4 e5 2. Nf3 Nc6 3. Bb5 Nf6 4. O-O Nxe4 5. d4 Nd6 6. Bxc6 dxc6 7. dxe5 Nf5 8. Qxd8+ Kxd8 9. Nc3 h6 10. h3 Ne7 11. Be3 Ke8 12. Rad1 Bd7 13. a3 Rd8 14. Rfe1 a6 15. Ne4 Bf5 16. Nc5 $146 ({RR} 16. Rxd8+ Kxd8 17. Bd2 Kc8 18. Nd4 Bh7 19. e6 f6 20. f4 f5 21. Nc3 g6 22. Nf3 Bg7 23. Be3 Bxc3 24. bxc3 Re8 25. c4 b6 26. Bd4 c5 27. Bg7 h5 28. Ng5 Bg8 29. Kf2 Nc6 30. g4 hxg4 {Hou,Y (2584)-Naiditsch,A (2697) Villarrobledo 2009 0-1 (69)}) 16... Rxd1 17. Rxd1 Bc8 18. Nd3 Ng6 19. Nf4 Nxf4 20. Bxf4 Be7 21. Nd4 Bc5 22. Be3 Bxd4 23. Rxd4 Ke7 24. f3 Rd8 25. Rxd8 Kxd8 26. g4 h5 27. Kf2 g6 28. Bg5+ Ke8 1/2-1/2